| 000 | 00715nam a2200229 a 4500 | ||
|---|---|---|---|
| 001 | BRCA_4897 | ||
| 005 | 20190320204841.0 | ||
| 008 | 061010s1945----mx-a######---#000-0#spa-# | ||
| 041 | _aspa | ||
| 044 | _amx | ||
| 050 | 4 |
_aF1227 _b.R66 2 1945 |
|
| 100 | 1 |
_aRomero de Terreros y Vinent, Manuel _cMarqués de San Francisco _d1880-1968 _9903 |
|
| 245 | 1 | 0 |
_aApostillas históricas _cManuel Romero de Terreros. |
| 260 |
_aMéxico _bHispano Mexicana _c1945. |
||
| 300 |
_a232 p. _bil., 7 láminas _c23 cm. |
||
| 500 | _aEjemplar igual a CFG40 y F62 | ||
| 500 | _aE29 | ||
| 504 | _aBibliografía: p. 235-236 | ||
| 651 | 4 |
_aMéxico _vDiscursos, ensayos, conferencias _xHistoria _911983 |
|
| 902 | _aGFM | ||
| 942 |
_2lcc _cB |
||
| 999 |
_c4591 _d4591 |
||